[Event "POL-ch Women MOKATE 2020"]
[Site "Ostrow Wielkopolski"]
[Date "2020.08.08"]
[Round "5.5"]
[White "Waszczuk, Patrycja"]
[Black "Majdan, Joanna"]
[Result "0-1"]
[WhiteElo "2321"]
[BlackElo "2325"]
[Annotator "ChessBase"]
[PlyCount "48"]
[EventDate "2020.08.04"]
[EventType "tourn"]
[EventCountry "POL"]
[SourceTitle "playchess.com"]
[Source "ChessBase"]
[SourceQuality "1"]
[TimeControl "40/5400+30:1800+30"]

1. e4 {[%emt 0:00:00]} e6 {[%emt 0:00:00]} 2. d4 {[%emt 0:00:00]} d5 {[%emt 0:00:00]} 3. Nd2 {[%emt 0:00:00]} dxe4 {[%emt 0:00:00]} 4. Nxe4 {[%emt 0:00:00]} Nf6 {[%emt 0:00:00]} 5. Nxf6+ {[%emt 0:00:06]} gxf6 {[%emt 0:00:00]} 6. Nf3 {[%emt 0:00:36]} Nc6 {[%emt 0:00:15]} 7. Bf4 {[%emt 0:05:57]} e5 {[%emt 0:04:07]} 8. dxe5 {[%emt 0:04:49]} Qe7 {[%emt 0:00:09]} 9. Qe2 {[%emt 0:02:20]} Qb4+ {[%emt 0:01:06]} 10. Bd2 {[%emt 0:03:20]} Qxb2 {[%emt 0:00:07]} 11. Qd1 {[%emt 0:02:26]} Nxe5 {[%emt 0:07:20]} 12. Nxe5 {[%emt 0:05:04]} Qxe5+ {[%emt 0:00:38]} 13. Be2 {[%emt 0:03:20]} Bd6 {[%emt 0:03:48]} 14. Rb1 {[%emt 0:03:47]} Rg8 {[%emt 0:01:50]} 15. g3 {[%emt 0:11:37]} Bh3 {[%emt 0:09:20]} 16. Rb5 {[%emt 0:00:28]} Qe4 {[%emt 0:04:20]} 17. f3 {[%emt 0:05:31]} Qe7 {[%emt 0:03:28]} 18. Kf2 {[%emt 0:08:24]} O-O-O {[%emt 0:06:30]} 19. g4 {[%emt 0:05:08]} f5 {[%emt 0:06:06]} 20. Rxf5 {[%emt 0:00:15]} Qh4+ {[%emt 0:00:20]} 21. Kg1 {[%emt 0:00:45]} Bg3 {[%emt 0:00:21]} 22. Be3 {[%emt 0:03:05]} Rxd1+ {[%emt 0:00:05]} 23. Bxd1 {[%emt 0:00:05]} Bf4 {[%emt 0:00:51]} 24. Bf2 {[%emt 0:02:09]} Be3 {[%emt 0:00:05]} 0-1

[Event "POL-ch Women MOKATE 2020"]
[Site "Ostrow Wielkopolski"]
[Date "2020.08.09"]
[Round "6.1"]
[White "Kucharska, Honorata"]
[Black "Majdan, Joanna"]
[Result "1-0"]
[WhiteElo "2113"]
[BlackElo "2325"]
[Annotator "ChessBase"]
[PlyCount "43"]
[EventDate "2020.08.04"]
[EventType "tourn"]
[EventCountry "POL"]
[SourceTitle "playchess.com"]
[Source "ChessBase"]
[SourceQuality "1"]
[TimeControl "40/5400+30:1800+30"]

1. e4 {[%emt 0:00:00]} c5 {[%emt 0:00:00]} 2. Nf3 {[%emt 0:00:00]} Nc6 {[%emt 0:00:01]} 3. d4 {[%emt 0:00:00]} cxd4 {[%emt 0:00:08]} 4. Nxd4 {[%emt 0:00:00]} Nf6 {[%emt 0:00:11]} 5. Nc3 {[%emt 0:00:00]} d6 {[%emt 0:00:06]} 6. Bc4 {[%emt 0:00:58]} e6 {[%emt 0:01:12]} 7. Be3 {[%emt 0:00:29]} a6 {[%emt 0:01:42]} 8. Qe2 {[%emt 0:01:50]} Na5 {[%emt 0:02:48]} 9. Bd3 {[%emt 0:08:50]} b5 {[%emt 0:11:21]} 10. O-O {[%emt 0:08:05]} Qc7 {[%emt 0:03:58]} 11. Ncxb5 {[%emt 0:09:03]} axb5 {[%emt 0:00:19]} 12. b4 {[%emt 0:00:05]} Nb7 {[%emt 0:03:01]} 13. Nxb5 {[%emt 0:00:26]} Qd8 {[%emt 0:00:04]} 14. a4 {[%emt 0:02:04]} d5 {[%emt 0:13:51]} 15. a5 {[%emt 0:02:55]} Nd7 {[%emt 0:06:14]} 16. exd5 {[%emt 0:04:41]} Bxb4 {[%emt 0:01:31]} 17. dxe6 {[%emt 0:02:21]} fxe6 {[%emt 0:05:37]} 18. Qh5+ {[%emt 0:05:15]} g6 {[%emt 0:10:07]} 19. Bxg6+ {[%emt 0:00:55]} hxg6 {[%emt 0:00:03]} 20. Qxh8+ {[%emt 0:00:27]} Bf8 {[%emt 0:01:33]} 21. a6 {[%emt 0:00:32]} Kf7 {[%emt 0:09:09]} 22. axb7 {[%emt 0:02:33]} 1-0

[Event "POL-ch Women MOKATE 2020"]
[Site "Ostrow Wielkopolski"]
[Date "2020.08.09"]
[Round "6.2"]
[White "Socko, Monika"]
[Black "Waszczuk, Patrycja"]
[Result "1/2-1/2"]
[WhiteElo "2428"]
[BlackElo "2321"]
[Annotator "TA"]
[PlyCount "167"]
[EventDate "2020.08.04"]
[EventType "tourn"]
[EventCountry "POL"]
[SourceTitle "playchess.com"]
[Source "ChessBase"]
[SourceQuality "1"]

{[%evp 16,167,36,44,59,25,77,39,36,27,41,24,36,20,39,27,44,-23,81,62,72,62,56,69,70,61,79,64,68,54,60,63,68,54,40,50,46,35,172,158,140,142,138,125,159,131,139,98,154,139,139,82,237,0,0,0,0,0,187,167,217,0,204,204,204,206,217,217,217,217,217,217,217,217,217,0,217,217,217,217,308,293,293,293,352,102,129,80,266,266,266,266,266,264,264,263,258,0,0,0,0,0,0,0,14,14,24,24,24,24,24,24,24,24,25,14,25,23,22,13,13,13,23,23,23,23,23,23,28,28,28,28,28,28,28,28,30,30,30,30,30,30,30,30,30,30,30,30,35,35,35,35,35,8]} 1. g3 g6 2. Bg2 Bg7 3. d4 Nf6 4. e4 d6 5. Ne2 O-O 6. O-O e5 7. c4 c6 8. Nbc3 Nbd7 9. d5 Qe7 {E72: King's Indian: 4 e4 d6 5 g3.} 10. h3 a5 {[#]} (10... cxd5 $11 11. exd5 (11. cxd5 b6 $11) 11... a5) 11. dxc6 $146 ({Predecessor:} 11. Be3 Nc5 12. Qd2 Ra6 13. g4 Ne8 14. Ng3 f5 15. exf5 gxf5 16. gxf5 Bxf5 17. Nxf5 Rxf5 18. dxc6 bxc6 {1-0 (29) Chilingirova,P (2150)-Vitanova,R (2094) Albena 2010}) 11... bxc6 12. Be3 Rd8 13. Qd2 Nc5 14. Rad1 Be6 15. b3 {[%cal Bb2b3,Bb3b4][%mdl 32]} Rab8 16. Kh2 (16. Bxc5 $14 dxc5 17. Qe3) 16... h5 (16... a4 $1 $11 17. b4 Ncd7) 17. f4 $1 $16 exf4 $1 18. gxf4 a4 19. b4 Bxh3 20. Bxh3 Nfxe4 21. Nxe4 Nxe4 22. Qe1 c5 23. b5 d5 24. Rxd5 Rxd5 25. cxd5 Rxb5 26. Bc1 f5 {[#]} (26... Rb4 $14) 27. Ng3 $1 $18 {[%cal Rg3f5]} Rb4 28. Nxe4 Rxe4 29. Qg3 Kh7 30. Rg1 Qf6 31. Rg2 h4 (31... Bh6 $142 32. Qf3 Qh4) 32. Qf3 $16 c4 33. Rc2 (33. Rg1 $142) 33... Qd6 $2 {[#]} (33... Qd4 $16) 34. Re2 $2 (34. Qf2 $1 $18) 34... Rxe2+ $11 35. Qxe2 Qxd5 36. Bg2 Qd4 $2 (36... Qc5 $1 $11) 37. Be3 $36 {[%mdl 2048] White is really pushing.} Qc3 38. Bf2 $2 ({White must play} 38. Bd5 $18) 38... Bf6 $2 (38... Qb4 $11 {and Black is okay.}) 39. Bd5 Qc1 40. Be3 (40. Bxc4 Qxf4+ 41. Kh1 (41. Kh3 Kg7 $11) 41... Be5 $11) 40... Qc3 41. Bxc4 a3 42. Qd3 Qb4 43. Kg2 Qb7+ 44. Qd5 Qb2+ 45. Qd2 $2 (45. Bd2 $18) 45... Qb7+ $2 (45... Bd4 $1 $11 {and Black has nothing to worry.} 46. Kf3 h3) 46. Bd5 Qb2 47. Kh3 Qb1 (47... Qxd2 $142 48. Bxd2 Be7) 48. Bf2 Qb2 49. Qe3 Qb5 50. Bg2 $2 (50. Bxh4 $18 {has better winning chances.} Bxh4 51. Qe5 (51. Kxh4 Qxd5 52. Qe7+ Kh6 $11)) 50... Qc4 $16 51. Qd2 ({Don't do} 51. Bxh4 $6 Bxh4 52. Kxh4 Qxa2 $11) 51... g5 $2 (51... Bc3 $16 {was called for.} 52. Qd7+ Bg7) 52. fxg5 $18 Qg4+ 53. Kh2 Bxg5 54. Qd7+ Kg6 55. Qd6+ Bf6 56. Bc6 $2 (56. Bg1 $18) 56... Qe2 $11 57. Kg1 {Black must now prevent Bxh4.} Qxa2 {aiming for ...Qb1+.} 58. Be8+ Kg7 {And now ...Qa1+ would win.} 59. Qd7+ {[%mdl 64] Double Attack} Kh8 {( -> ...Qb1+)} 60. Qxf5 Qa1+ 61. Kg2 {Threatens to win with Bf7.} Qe5 62. Qxe5 Bxe5 63. Bf7 Kg7 64. Ba2 Bf6 65. Kh3 Kg6 66. Kg4 Be7 67. Bb1+ Kf7 68. Kf5 Bf6 69. Ba2+ Kg7 70. Bc5 Bb2 71. Bd6 Bc3 72. Bxa3 Bf6 73. Kg4 Kg6 74. Bb1+ Kg7 75. Bf5 Be5 76. Kxh4 Kf6 77. Kg4 Bc3 78. Bc1 Kg7 79. Kg5 Bf6+ 80. Kh5 Bd4 81. Bc2 Kh8 82. Kg6 {White is slightly better.} Bc3 83. Bg5 Bb2 84. Bf6+ {Blacks defense is rewarded with a draw. Accuracy: White = 79%, Black = 73%.} 1/2-1/2

[Event "POL-ch Women MOKATE 2020"]
[Site "Ostrow Wielkopolski"]
[Date "2020.08.09"]
[Round "6.3"]
[White "Kulon, Klaudia"]
[Black "Kubicka, Anna"]
[Result "1-0"]
[WhiteElo "2336"]
[BlackElo "2256"]
[Annotator "ChessBase"]
[PlyCount "117"]
[EventDate "2020.08.04"]
[EventType "tourn"]
[EventCountry "POL"]
[SourceTitle "playchess.com"]
[Source "ChessBase"]
[SourceQuality "1"]
[TimeControl "40/5400+30:1800+30"]

1. e4 {[%emt 0:00:00]} c6 {[%emt 0:00:00]} 2. d4 {[%emt 0:00:00]} d5 {[%emt 0:00:00]} 3. exd5 {[%emt 0:00:00]} cxd5 {[%emt 0:00:00]} 4. Bd3 {[%emt 0:00:00]} Nf6 {[%emt 0:00:00]} 5. c3 {[%emt 0:00:12]} Bg4 {[%emt 0:00:08]} 6. Qb3 {[%emt 0:01:41]} Qc7 {[%emt 0:00:05]} 7. Bg5 {[%emt 0:06:11]} e6 {[%emt 0:06:16]} 8. Nd2 {[%emt 0:01:01]} Be7 {[%emt 0:00:57]} 9. Ngf3 {[%emt 0:01:14]} Nc6 {[%emt 0:00:34]} 10. O-O {[%emt 0:00:44]} O-O {[%emt 0:00:42]} 11. Qc2 {[%emt 0:02:00]} h6 {[%emt 0:01:32]} 12. Bh4 {[%emt 0:00:05]} Rfc8 {[%emt 0:05:24]} 13. a3 {[%emt 0:02:31]} Nh5 {[%emt 0:04:14]} 14. Bg3 {[%emt 0:12:34]} Nxg3 {[%emt 0:00:54]} 15. fxg3 {[%emt 0:00:27]} Bf6 {[%emt 0:01:31]} 16. Qa4 {[%emt 0:08:01]} a6 {[%emt 0:06:07]} 17. Rae1 {[%emt 0:03:45]} b5 {[%emt 0:01:18]} 18. Qb3 {[%emt 0:00:24]} Na5 {[%emt 0:03:14]} 19. Qc2 {[%emt 0:03:40]} Nc4 {[%emt 0:01:30]} 20. Kh1 {[%emt 0:03:03]} Rab8 {[%emt 0:05:07]} 21. Nb3 {[%emt 0:05:43]} a5 {[%emt 0:07:49]} 22. Nc5 {[%emt 0:10:38]} Qd6 {[%emt 0:01:18]} 23. Qc1 {[%emt 0:06:07]} Bxf3 {[%emt 0:12:29]} 24. Rxf3 {[%emt 0:01:41]} e5 {[%emt 0:01:22]} 25. Bf5 {[%emt 0:10:16]} Rd8 {[%emt 0:02:52]} 26. b3 {[%emt 0:00:27]} exd4 {[%emt 0:03:08]} 27. Ne6 {[%emt 0:00:22]} Ne5 {[%emt 0:07:56]} 28. Nxd8 {[%emt 0:00:20]} Rxd8 {[%emt 0:00:52]} 29. Rff1 {[%emt 0:02:19]} Nc6 {[%emt 0:02:54]} 30. cxd4 {[%emt 0:01:48]} Nxd4 {[%emt 0:00:13]} 31. Bb1 {[%emt 0:00:52]} a4 {[%emt 0:05:43]} 32. b4 {[%emt 0:01:56]} Nb3 {[%emt 0:07:02]} 33. Qe3 {[%emt 0:00:16]} g6 {[%emt 0:09:34]} 34. Qxh6 {[%emt 0:00:52]} Bg7 {[%emt 0:00:06]} 35. Qg5 {[%emt 0:00:32]} Nd4 {[%emt 0:01:07]} 36. Qe7 {[%emt 0:02:35]} Qxe7 {[%emt 0:00:57]} 37. Rxe7 {[%emt 0:00:01]} f5 {[%emt 0:01:19]} 38. g4 {[%emt 0:00:09]} Nb3 {[%emt 0:01:01]} 39. Rd1 {[%emt 0:00:57]} fxg4 {[%emt 0:01:42]} 40. Bxg6 {[%emt 0:00:00]} Bb2 {[%emt 0:00:00]} 41. Re8+ {[%emt 0:03:39]} Rxe8 {[%emt 0:00:31]} 42. Bxe8 {[%emt 0:00:03]} Nd4 {[%emt 0:02:19]} 43. Rd2 {[%emt 0:02:19]} Bc3 {[%emt 0:00:11]} 44. Rd3 {[%emt 0:00:08]} Bb2 {[%emt 0:00:05]} 45. Bh5 {[%emt 0:00:39]} Nc6 {[%emt 0:02:38]} 46. Rxd5 {[%emt 0:03:03]} Bxa3 {[%emt 0:01:32]} 47. Rxb5 {[%emt 0:00:18]} g3 {[%emt 0:01:06]} 48. Rg5+ {[%emt 0:00:40]} Kf8 {[%emt 0:00:04]} 49. b5 {[%emt 0:00:04]} Nd4 {[%emt 0:00:54]} 50. b6 {[%emt 0:00:41]} gxh2 {[%emt 0:00:30]} 51. b7 {[%emt 0:00:38]} Nc6 {[%emt 0:00:03]} 52. Re5 {[%emt 0:02:34]} Be7 {[%emt 0:03:52]} 53. Rf5+ {[%emt 0:00:34]} Kg8 {[%emt 0:00:32]} 54. Be8 {[%emt 0:00:42]} Nb8 {[%emt 0:00:13]} 55. Bxa4 {[%emt 0:00:02]} Bd6 {[%emt 0:00:04]} 56. g3 {[%emt 0:00:04]} Kg7 {[%emt 0:01:59]} 57. Kxh2 {[%emt 0:00:12]} Kg6 {[%emt 0:00:03]} 58. Rd5 {[%emt 0:00:13]} Bc7 {[%emt 0:00:07]} 59. Kh3 {[%emt 0:00:08]} 1-0

[Event "POL-ch Women MOKATE 2020"]
[Site "Ostrow Wielkopolski"]
[Date "2020.08.09"]
[Round "6.5"]
[White "Sliwicka, Alicja"]
[Black "Zawadzka, Jolanta"]
[Result "0-1"]
[WhiteElo "2317"]
[BlackElo "2419"]
[Annotator "RC"]
[PlyCount "160"]
[EventDate "2020.08.04"]
[EventType "tourn"]
[EventCountry "POL"]
[SourceTitle "playchess.com"]
[Source "ChessBase"]
[SourceQuality "1"]
[TimeControl "40/5400+30:1800+30"]

1. e4 {[%emt 0:00:00]} c5 {[%emt 0:00:00]} 2. Nf3 {[%emt 0:00:00]} d6 {[%emt 0:00:00]} 3. d4 {[%emt 0:00:00]} cxd4 {[%emt 0:00:00]} 4. Nxd4 {[%emt 0:01:20]} Nf6 {[%emt 0:00:00]} 5. Nc3 {[%emt 0:00:09]} a6 {[%emt 0:00:00]} 6. Bd3 {[%emt 0:00:34]} Nc6 {[%emt 0:03:51]} 7. Nxc6 {[%emt 0:00:51]} bxc6 {[%emt 0:00:06]} 8. O-O {[%emt 0:00:31]} e5 {[%emt 0:00:33]} 9. Kh1 {[%emt 0:02:17]} Be7 {[%emt 0:02:30]} 10. f4 {[%emt 0:01:25]} O-O {[%emt 0:16:44]} 11. Qf3 {[%emt 0:12:06]} exf4 {[%emt 0:08:57]} 12. Bxf4 {[%emt 0:01:53]} Bg4 {[%emt 0:04:27]} 13. Qf2 {[%emt 0:10:41]} Be6 {[%emt 0:06:21]} 14. Rad1 {[%emt 0:08:52]} Ng4 {[%emt 0:00:47]} 15. Qf3 {[%emt 0:09:34]} Bf6 {[%emt 0:07:40]} 16. Na4 {[%emt 0:06:15]} Be5 {[%emt 0:09:40]} 17. Bxe5 {[%emt 0:01:17]} Nxe5 {[%emt 0:00:07]} 18. Qf4 {[%emt 0:01:58]} Nxd3 {[%emt 0:03:34]} 19. cxd3 {[%emt 0:07:27]} Bxa2 {[%emt 0:00:19]} 20. Nc3 {[%emt 0:00:07]} Bb3 {[%emt 0:01:34]} 21. Rd2 {[%emt 0:00:52]} f6 {[%emt 0:02:36]} 22. Ne2 {[%emt 0:00:36]} Qd7 {[%emt 0:03:38]} 23. Nd4 {[%emt 0:08:06]} Be6 {[%emt 0:00:10]} 24. Rc2 {[%emt 0:00:48]} c5 {[%emt 0:01:06]} 25. Ne2 {[%emt 0:01:35]} Rab8 {[%emt 0:05:33]} 26. d4 {[%emt 0:03:01]} Qe7 {[%emt 0:02:34]} 27. Ra1 {[%emt 0:05:18]} Rb6 {[%emt 0:00:49]} 28. Ra5 {[%emt 0:02:54]} Bb3 {[%emt 0:05:41]} 29. Rc1 {[%emt 0:01:59]} Rb4 {[%emt 0:05:33]} 30. Qd2 {[%emt 0:03:35]} Bc4 {[%emt 0:04:33]} 31. Ng3 {[%emt 0:00:34]} Bb5 {[%emt 0:00:32]} 32. dxc5 {[%emt 0:02:05]} dxc5 {[%emt 0:00:16]} 33. Qd5+ {[%emt 0:01:33]} Kh8 {[%emt 0:01:31]} 34. Nf5 {[%emt 0:02:18]} Qxe4 {[%emt 0:01:04]} 35. Qxc5 {[%emt 0:02:19]} Re8 {[%emt 0:00:57]} 36. Nd6 {[%emt 0:00:46]} Qe1+ {[%emt 0:00:28]} 37. Qg1 {[%emt 0:00:05]} Qxg1+ {[%emt 0:00:06]} 38. Kxg1 {[%emt 0:00:05]} Rb8 {[%emt 0:00:35]} 39. Nxb5 {[%emt 0:00:29]} axb5 {[%emt 0:00:06]} 40. Rc2 {[%emt 0:00:00]} h6 {[%emt 0:00:00]} 41. Ra7 {[%emt 0:03:17]} Rd8 {[%emt 0:03:04]} 42. h3 {[%emt 0:02:16]} Rd5 {[%emt 0:01:37]} 43. Rb7 {[%emt 0:01:30]} Kh7 {[%emt 0:01:10]} 44. Kh2 {[%emt 0:01:09]} h5 {[%emt 0:01:14]} 45. Re7 {[%emt 0:04:04]} Kh6 {[%emt 0:00:52]} 46. Rb7 {[%emt 0:03:38]} g6 {[%emt 0:03:31]} 47. Re7 {[%emt 0:00:46]} h4 {[%emt 0:02:00]} 48. Re1 {[%emt 0:01:52]} Rd3 {[%emt 0:02:49]} 49. Rf2 {[%emt 0:00:58]} f5 {[%emt 0:02:07]} 50. Re6 {[%emt 0:01:22]} Kh5 {[%emt 0:00:27]} 51. Re1 {[%emt 0:01:02]} Rc4 {[%emt 0:03:33]} 52. Ref1 {[%emt 0:04:39]} Kg5 {[%emt 0:04:34]} 53. Kg1 {[%emt 0:03:22]} b4 {[%emt 0:00:41]} 54. Kh2 {[%emt 0:01:56]} Rcd4 {[%emt 0:01:14]} 55. Rf3 {[%emt 0:02:15]} Rd2 {[%emt 0:01:05]} 56. R1f2 {[%emt 0:02:08]} Rxf2 {[%emt 0:05:07]} 57. Rxf2 {[%emt 0:00:07]} Rd3 {[%emt 0:00:16]} 58. Re2 {[%emt 0:00:58]} Rb3 {[%emt 0:01:26]} 59. Rd2 {[%emt 0:02:36]} Re3 {[%emt 0:01:01]} 60. Rd4 {[%emt 0:00:38]} Re4 {[%emt 0:00:14]} 61. Rd3 {[%emt 0:00:30]} Kf4 {[%emt 0:00:13]} 62. Rd6 {[%emt 0:01:31]} g5 {[%emt 0:00:22]} 63. Rd5 {[%emt 0:00:21]} Rc4 {[%emt 0:02:01]} 64. Rb5 {[%emt 0:00:22]} Ke4 {[%emt 0:02:09]} 65. Kg1 {[%emt 0:01:14]} g4 {[%emt 0:00:28]} 66. hxg4 {[%emt 0:00:23]} fxg4 {[%emt 0:00:02]} 67. b3 {[%emt 0:00:56]} Rd4 {[%emt 0:00:17]} 68. Kf2 {[%emt 0:00:52]} Kd3 {[%emt 0:00:16]} 69. Rc5 {[%emt 0:00:18]} Rf4+ {[%emt 0:00:49]} 70. Ke1 {[%emt 0:00:13]} g3 {[%emt 0:00:19]} 71. Rc8 {[%emt 0:01:05]} Re4+ {[%emt 0:00:59]} 72. Kd1 {[%emt 0:00:29]} Ke3 {[%emt 0:00:19]} 73. Ke1 {[%emt 0:00:18]} h3 {[%emt 0:00:38]} 74. Rg8 {[%emt 0:00:44]} Kf4+ {[%emt 0:00:14]} 75. Kf1 {[%emt 0:00:08]} hxg2+ {[%emt 0:01:34]} 76. Kxg2 {[%emt 0:00:07]} Re2+ {[%emt 0:00:02]} 77. Kg1 {[%emt 0:00:40]} Re3 {[%emt 0:00:28]} 78. Rf8+ {[%emt 0:00:57]} Ke4 {[%emt 0:00:12]} 79. Re8+ {[%emt 0:00:36]} Kd4 {[%emt 0:00:14]} 80. Rb8 {[%emt 0:00:32]} Kc3 {[%emt 0:00:11]} 0-1

[Event "POL-ch Women MOKATE 2020"]
[Site "Ostrow Wielkopolski"]
[Date "2020.08.10"]
[Round "7.1"]
[White "Zawadzka, Jolanta"]
[Black "Kucharska, Honorata"]
[Result "1-0"]
[WhiteElo "2419"]
[BlackElo "2113"]
[Annotator "ChessBase"]
[PlyCount "87"]
[EventDate "2020.08.04"]
[EventType "tourn"]
[EventCountry "POL"]
[SourceTitle "playchess.com"]
[Source "ChessBase"]
[SourceQuality "1"]
[TimeControl "40/5400+30:1800+30"]

1. e4 {[%emt 0:00:00]} c5 {[%emt 0:00:00]} 2. Nf3 {[%emt 0:00:00]} Nc6 {[%emt 0:00:00]} 3. d4 {[%emt 0:00:00]} cxd4 {[%emt 0:00:00]} 4. Nxd4 {[%emt 0:00:00]} Nf6 {[%emt 0:00:00]} 5. Nc3 {[%emt 0:00:00]} d6 {[%emt 0:00:00]} 6. f3 {[%emt 0:00:09]} e5 {[%emt 0:00:30]} 7. Nb3 {[%emt 0:00:06]} Be7 {[%emt 0:01:20]} 8. Be3 {[%emt 0:00:14]} Be6 {[%emt 0:01:28]} 9. Nd5 {[%emt 0:00:11]} Bxd5 {[%emt 0:04:18]} 10. exd5 {[%emt 0:00:07]} Nb8 {[%emt 0:00:01]} 11. Qd2 {[%emt 0:00:33]} O-O {[%emt 0:01:33]} 12. g4 {[%emt 0:02:17]} a5 {[%emt 0:06:01]} 13. a4 {[%emt 0:05:35]} Nbd7 {[%emt 0:03:44]} 14. g5 {[%emt 0:05:39]} Ne8 {[%emt 0:06:51]} 15. O-O-O {[%emt 0:00:40]} Nc5 {[%emt 0:06:32]} 16. Nxc5 {[%emt 0:14:33]} dxc5 {[%emt 0:00:04]} 17. h4 {[%emt 0:00:18]} Nd6 {[%emt 0:02:29]} 18. Bxc5 {[%emt 0:04:42]} Rc8 {[%emt 0:05:18]} 19. Bxd6 {[%emt 0:03:57]} Bxd6 {[%emt 0:01:36]} 20. Bd3 {[%emt 0:03:22]} Qb6 {[%emt 0:07:39]} 21. Qe2 {[%emt 0:05:49]} Bc5 {[%emt 0:07:58]} 22. Qe4 {[%emt 0:02:57]} g6 {[%emt 0:03:30]} 23. Bb5 {[%emt 0:07:28]} Qd6 {[%emt 0:04:33]} 24. Kb1 {[%emt 0:03:09]} Bd4 {[%emt 0:06:47]} 25. Rd3 {[%emt 0:01:09]} Qb4 {[%emt 0:02:20]} 26. Rb3 {[%emt 0:01:48]} Qd6 {[%emt 0:06:08]} 27. h5 {[%emt 0:08:46]} Rfd8 {[%emt 0:05:53]} 28. hxg6 {[%emt 0:00:14]} fxg6 {[%emt 0:00:17]} 29. Qh4 {[%emt 0:04:11]} Rc7 {[%emt 0:00:38]} 30. Bd3 {[%emt 0:01:21]} Rf8 {[%emt 0:01:33]} 31. Be4 {[%emt 0:00:42]} Rf4 {[%emt 0:01:47]} 32. Qh3 {[%emt 0:01:03]} b6 {[%emt 0:00:58]} 33. Rd3 {[%emt 0:01:58]} Rff7 {[%emt 0:02:16]} 34. Qe6 {[%emt 0:02:26]} Qxe6 {[%emt 0:02:37]} 35. dxe6 {[%emt 0:00:02]} Rf8 {[%emt 0:00:29]} 36. c3 {[%emt 0:00:18]} Bc5 {[%emt 0:00:04]} 37. Rd5 {[%emt 0:01:30]} Re7 {[%emt 0:01:47]} 38. Rxe5 {[%emt 0:00:15]} Bd6 {[%emt 0:00:46]} 39. Rb5 {[%emt 0:00:14]} Bc5 {[%emt 0:00:17]} 40. b4 {[%emt 0:00:00]} axb4 {[%emt 0:00:00]} 41. cxb4 {[%emt 0:00:51]} Be3 {[%emt 0:02:41]} 42. Re1 {[%emt 0:03:33]} Bf2 {[%emt 0:00:45]} 43. Re2 {[%emt 0:00:07]} Bg1 {[%emt 0:00:19]} 44. Rd5 {[%emt 0:01:07]} 1-0

[Event "POL-ch Women MOKATE 2020"]
[Site "Ostrow Wielkopolski"]
[Date "2020.08.10"]
[Round "7.2"]
[White "Cyfka, Karina"]
[Black "Sliwicka, Alicja"]
[Result "1/2-1/2"]
[WhiteElo "2411"]
[BlackElo "2317"]
[Annotator "ChessBase"]
[PlyCount "65"]
[EventDate "2020.08.04"]
[EventType "tourn"]
[EventCountry "POL"]
[SourceTitle "playchess.com"]
[Source "ChessBase"]
[SourceQuality "1"]
[TimeControl "40/5400+30:1800+30"]

1. d4 {[%emt 0:00:00]} Nf6 {[%emt 0:00:00]} 2. c4 {[%emt 0:00:19]} c5 {[%emt 0:00:00]} 3. d5 {[%emt 0:00:07]} b5 {[%emt 0:00:00]} 4. Qc2 {[%emt 0:00:10]} bxc4 {[%emt 0:00:09]} 5. e4 {[%emt 0:00:19]} d6 {[%emt 0:00:06]} 6. Bxc4 {[%emt 0:01:00]} g6 {[%emt 0:00:07]} 7. Nc3 {[%emt 0:03:13]} Bg7 {[%emt 0:00:27]} 8. Nf3 {[%emt 0:00:07]} O-O {[%emt 0:00:17]} 9. O-O {[%emt 0:00:21]} Ba6 {[%emt 0:00:14]} 10. Nb5 {[%emt 0:00:14]} Ne8 {[%emt 0:08:22]} 11. Bd2 {[%emt 0:09:32]} Qb6 {[%emt 0:03:22]} 12. a4 {[%emt 0:04:00]} Nc7 {[%emt 0:00:58]} 13. a5 {[%emt 0:17:52]} Qb7 {[%emt 0:00:13]} 14. Nxc7 {[%emt 0:00:06]} Qxc7 {[%emt 0:00:12]} 15. Rab1 {[%emt 0:00:22]} Qc8 {[%emt 0:15:58]} 16. Rfc1 {[%emt 0:03:44]} Nd7 {[%emt 0:07:58]} 17. h3 {[%emt 0:17:47]} Rb8 {[%emt 0:01:34]} 18. b3 {[%emt 0:01:50]} Bb5 {[%emt 0:02:30]} 19. Bxb5 {[%emt 0:02:23]} Rxb5 {[%emt 0:00:14]} 20. b4 {[%emt 0:00:30]} Qa6 {[%emt 0:04:42]} 21. bxc5 {[%emt 0:05:00]} Rxc5 {[%emt 0:04:58]} 22. Qb3 {[%emt 0:03:54]} Rfc8 {[%emt 0:05:10]} 23. Rxc5 {[%emt 0:02:39]} Nxc5 {[%emt 0:00:29]} 24. Qe3 {[%emt 0:03:16]} Qc4 {[%emt 0:06:55]} 25. Rc1 {[%emt 0:00:36]} Qa4 {[%emt 0:01:23]} 26. e5 {[%emt 0:02:44]} Qa2 {[%emt 0:04:47]} 27. exd6 {[%emt 0:03:29]} exd6 {[%emt 0:00:40]} 28. Qe7 {[%emt 0:00:19]} Qxd5 {[%emt 0:01:24]} 29. Qxa7 {[%emt 0:10:04]} Ra8 {[%emt 0:04:37]} 30. Qc7 {[%emt 0:00:26]} Nb3 {[%emt 0:02:48]} 31. Rc2 {[%emt 0:00:43]} Nxd2 {[%emt 0:06:07]} 32. Rxd2 {[%emt 0:00:10]} Qxa5 {[%emt 0:00:11]} 33. Qxa5 {[%emt 0:00:32]} 1/2-1/2